Premier League Players 2021/22 by Name - A - Statistics

General Stats
  • This quiz has been taken 64 times
  • The average score is 20 of 25
Answer Stats
Position Club Nation Player % Correct
MF Tottenham Hotspur England Dele Alli
98%
DF Manchester City Netherlands Nathan Ake
98%
FW Arsenal Gabon Pierre-Emerick Aubameyang
98%
GK Liverpool Brazil Alisson
96%
DF Chelsea Spain Cesar Azpilicueta
96%
DF Chelsea Spain Marcos Alonso
96%
DF Liverpool England Trent Alexander-Arnold
93%
MF Everton Brazil Allan
91%
GK Liverpool Spain Adrian
89%
GK West Ham United France Alphonse Areola
89%
FW Crystal Palace Ghana Jordan Ayew
89%
FW Newcastle United Paraguay Miguel Almiron
87%
FW Southampton Scotland Che Adams
85%
FW West Ham United Jamaica Michail Antonio
85%
DF Leicester City Ghana Daniel Amartey
83%
FW Southampton England Adam Armstrong
78%
MF Southampton Scotland Stuart Armstrong
78%
DF Leeds United England Luke Ayling
74%
DF Wolves France Rayan Ait-Nouri
72%
DF Norwich City England Max Aarons
67%
DF Brentford Norway Kristoffer Ajer
65%
DF Crystal Palace Denmark Joachim Andersen
63%
MF Leicester City England Marc Albrighton
61%
MF Brighton & Hove Albion Colombia Steven Alzate
52%
MF Newcastle United Scotland Elliot Anderson
33%
No matching quizzes found
Score Distribution
Percent of People with Each Score
Percentile by Number Answered
Your Score History
You have not taken this quiz